| 000 | 01126cam a2200205 4500 | ||
|---|---|---|---|
| 001 | WB3901-06 | ||
| 008 | 030103n2002 000 0 eng u | ||
| 035 | _a(Sirsi) u120889 | ||
| 245 | _aConstruction deaths drop | ||
| 260 | _c2002 | ||
| 490 |
_aConstruction News _v(6796) 12 December 2002, 3(1) |
||
| 490 |
_aHSE News Release _v8 January 2003, (3) |
||
| 520 | _aHealth and Safety Executive (HSE) figures reveal that the number of fatal injuries to construction workers dropped to 79 in 2001-02 from 105 in 2000-01. Despite this reduction of 25%, the construction industry still accounts for 32% of all industry deaths. HSE statistics available from www.hse.gov.uk/statistics/overpic.htm HSE report "Health and safety in the construction industry: progress since the February 2001summit" available at www.hse.gov.uk/spd/pdf/report2.pdf www.nds.coi.gov.uk/coi/coipress.nsf/7e4cd219f1e58adf802565250034fa39/4050592d74be735d80256ca8003c501e?OpenDocument | ||
| 590 | _aWB | ||
| 650 | _aCONSTRUCTION INDUSTRY | ||
| 650 | _aHSE | ||
| 650 | _aSITE SAFETY | ||
| 690 | _aBUILT ENVIRONMENT-BUILDING STANDARDS | ||
| 942 | _n0 | ||
| 999 |
_c71856 _d71856 |
||